| 000 | 00602cam a2200205 4500 | ||
|---|---|---|---|
| 001 | 347229 | ||
| 005 | 20180222044755.0 | ||
| 008 | 700407s1970 nyu b 001 0 eng | ||
| 010 | _a 76095838 | ||
| 040 |
_aDLC _cDLC _dDLC _e370.1 |
||
| 041 | _aeng | ||
| 080 | _a370.1 | ||
| 082 | 0 | 0 | _a370.1 NOL |
| 100 | 1 | _a46 | |
| 101 | _aEDU | ||
| 245 | 1 | 0 |
_aFoundations of education in America; _c[by] James Wm. Noll [and] Sam P. Kelly. |
| 504 | _aBibliography: p. 509-519. | ||
| 906 |
_a7 _bcbc _corignew _du _encip _f19 _gy-gencatlg |
||
| 942 |
_2ddc _cBK |
||
| 999 |
_c43157 _d43157 |
||